| 000 | 00549nam a2200181Ia 4500 | ||
|---|---|---|---|
| 008 | 180921t2004 xxu||||| |||| 00| 0 sin d | ||
| 041 | _asin | ||
| 080 |
_a5 _bKUL |
||
| 100 | _aKulathilaka, Samanthi | ||
| 245 | _aමානව අතිතය 2 : මානව පවුලේ පරිණාමය | ||
| 246 | _aMaanava athithaya II : Manava pavle parinaamaya | ||
| 260 |
_bAuthor Publishing _c2004 |
||
| 300 | _a111p., 22 cm | ||
| 650 |
_aEvolution _aAnthropology |
||
| 942 | _cBK | ||
| 999 |
_c17444 _d17444 |
||
| 003 | LK-CoDNM | ||
| 040 |
_aLK-CoDNM _dLK-CoDNM _eLK-CoDNM |
||